Secretos para triunfar en la vida : (Registro nro. 10418)
[ vista simple ]
| 000 -LIDER | |
|---|---|
| fixed length control field | 00804nam a22002657a 4500 |
| 001 - NÚMERO DE CONTROL | |
| Identificador de número de control | 4501 |
| 003 - IDENTIFICACDOR DE NÚMERO DE CONTROL | |
| control field | DO-SdBNP |
| 005 - DATE AND TIME OF LATEST TRANSACTION | |
| control field | 20231013093004.0 |
| 007 - CAMPOS FIJOS DE DESCRIPCIÓN FÍSICA | |
| fixed length control field | 4501 |
| 008 - ELEMENTOS DE LONGITUD FIJA | |
| fixed length control field | 160616b 19uu cl. 00| 0 spa d |
| 040 ## - FUENTE DE CATALOGACIÓN | |
| Agencia que crea de manera original el registro | BPMSU |
| Idioma de catalogación | spa |
| Agencia que realiza la transcripción | BPMSU |
| 082 #4 - NÚMERO DE CLASIFICACIÓN DECIMAL DE DEWEY | |
| Classification number | 153.25 |
| Item number | S446t |
| Edition number | 22 |
| 245 00 - MENCIÓN DE TITULO | |
| Título | Secretos para triunfar en la vida : |
| Subtítulo | relaciones humanas / |
| Mención de responsabilidad | W. H. Sheldon ... [et al.] ; recopiló Eliécer Salesman. |
| 250 ## - MENCIÓN DE EDICION | |
| Mención de edición | 20a. ed. |
| 260 ## - PUBLICACIÓN, DISTRIBUCIÓN, ETC. (PIE DE IMPRENTA) | |
| Lugar de publicación, distribución, etc | Bogotá : |
| Nombre del editor, distribuidor, etc. | Editorial Centro Don Bosco, |
| Fecha de publicación, distribución, etc | [190-?] |
| 300 ## - DESCRIPCIÓN FÍSICA | |
| Extensión | 174 p. ; |
| Otros detalles físicos | 20 cm. |
| 590 ## - NOTA LOCAL | |
| Texto de la nota local | Inventariado, 2023/VM |
| 650 #4 - ENCABEZAMIENTO DE MATERIA--TEMÁTICO | |
| Término temático o nombre geográfico como elemento de entrada | Temperamento |
| 650 #4 - ENCABEZAMIENTO DE MATERIA--TEMÁTICO | |
| Término temático o nombre geográfico como elemento de entrada | Relaciones humanas |
| 650 #4 - ENCABEZAMIENTO DE MATERIA--TEMÁTICO | |
| Término temático o nombre geográfico como elemento de entrada | Carácter |
| 650 #4 - ENCABEZAMIENTO DE MATERIA--TEMÁTICO | |
| Término temático o nombre geográfico como elemento de entrada | Personalidad |
| 700 1# - ASIENTO SECUNDARIO -- NOMBRE PERSONAL | |
| Nombre personal | Sálesman, Eliécer, |
| Fechas asociadas con el nombre | 1929-, |
| Mención de responsabilidad | comp. |
| 910 ## - VALIDACIÓN | |
| Validación | VMateo V. Cotrol de calidad. BPMSU |
| 942 ## - ADDED ENTRY ELEMENTS (KOHA) | |
| Source of classification or shelving scheme | Dewey Decimal Classification |
| Koha item type | Libros |
| Withdrawn status | Lost status | Source of classification or shelving scheme | Damaged status | Not for loan | Collection code | Home library | Current library | Date acquired | Source of acquisition | Total Checkouts | Full call number | Barcode | Date last seen | Price effective from | Koha item type |
|---|---|---|---|---|---|---|---|---|---|---|---|---|---|---|---|
| Dewey Decimal Classification | Colección General | Biblioteca Pública Metropolitana Salomé Ureña | Biblioteca Pública Metropolitana Salomé Ureña | 06/16/2016 | FUNDI | BPMSU CG 153.25 S446t | BPMSU16060226 | 06/16/2016 | 06/16/2016 | Libros |